Domingo de Ramos Sevilla - Estadísticas

Estadísticas generales
  • Esta prueba ha sido intentada 114 veces
  • La puntuación promedio es 16 de 18
Estadísticas de respuestas
Imagen Respuesta % Correcto
Jesús Despojado
99%
La Borriquita
99%
La Cena
99%
Virgen de la Paz
97%
Virgen de la Amargura
96%
Virgen de la Estrella
96%
Virgen de la Hiniesta
96%
Cristo del Amor
94%
Jesús de las Penas (La Estrella)
93%
Jesús de las Penas (San Roque)
93%
Jesús de la Victoria
90%
Cristo de la Humildad y Paciencia
83%
Cristo de la Buena Muerte
81%
Virgen del Subterráneo
80%
Jesús del Silencio
74%
Virgen de Gracia y Esperanza
71%
Virgen del Socorro
63%
Virgen de los Dolores y Misericordia
61%
No se encontraron pruebas coincidentes
Distribución de puntuación
Porcentaje de gente con cada puntuación
Porcentaje por número respondido
Historial de tus puntuaciones
No has intentado esta prueba.